| 000 | 01770nam a2200493 i 4500 | ||
|---|---|---|---|
| 001 | 196326 | ||
| 003 | ES-MaACL | ||
| 005 | 20251128112251.0 | ||
| 007 | ta | ||
| 008 | 240913s2016 sp 000 0 spa | ||
| 017 |
_aNA 2394-2015 _bOficina Depósito Legal Navarra |
||
| 020 | _a9788492422883 | ||
| 035 | _a(OCoLC)982082549 | ||
| 035 | _a(SpMaBN)a5926022 | ||
| 035 | _a991001534179708606 | ||
| 040 |
_aSpMaBN _bspa _cSpMaBN _erdc _dES-MaACL |
||
| 080 | _a27-285.4 | ||
| 080 | _a165.72 | ||
| 100 | 1 |
_aDiderot, Denis, _d1713-1784 _944511 |
|
| 245 | 1 | 3 |
_aEl paseo del escéptico o Las avenidas / _cDenis Diderot ; traducción de Elena del Amo ; epílogo y notas de Roberto R. Aramayo ; apéndice de Mario Bunge |
| 246 | 3 | 0 | _aLas avenidas |
| 250 | _a1ª ed. | ||
| 260 |
_aPamplona : _bLaetoli, _c2016. |
||
| 300 |
_a127 p. ; _c23 cm |
||
| 336 |
_aTexto (visual) _2isbdcontent |
||
| 337 |
_asin mediación _2isbdmedia |
||
| 338 |
_2rdacarrier _avolumen |
||
| 490 | 1 |
_aLos ilustrados ; _v14 |
|
| 504 | _aBibliografía: p. 121-122 | ||
| 594 | _aTítulo original: La promenade du sceptique | ||
| 650 | 4 |
_aCristianismo- _vObras de controversia _2embne _911431 |
|
| 650 | 7 |
_aEscepticismo _2embne _912353 |
|
| 700 | 0 |
_aAmo, Elena del _921271 |
|
| 700 | 0 |
_aRodríguez Aramayo, Roberto _998340 |
|
| 700 | 1 |
_aBunge, Mario, _d1919- _9165711 |
|
| 830 |
_9225056 _aLos ilustrados ; _v14 |
||
| 852 |
_aES-MaACL _cDEPO1 _hDonación: José Manuel Duarte Cendán _9204042 _jA-15384 |
||
| 903 |
_9238529 _aDuarte Cendán, José Manuel _q1 _ednr |
||
| 942 |
_n0 _cMONOGRAFIA |
||
| 999 |
_c196326 _d196326 |
||